000 01154naa a2200313 c 4500
001 37241
003 ES-MaCES
005 20060925135500.0
008 060925n2006 gw t ||0 | spa d
035 _aCES20060015152v
040 _aES-MaCES
_bspa
_cES-MaCES
100 1 _aBaigorri López, Javier
_96895
245 1 3 _aEl reconocimiento oficial del saber profesional obtenido por la experiencia
_b: hacia la convergencia de políticas sociales en Europa
_cJavier Baigorri López, Patxi Martínez Cía, Esther Monterrubio Ariznabarreta
500 _aResumen
504 _aBibliografía: p. 53-54
650 4 _aEuropa
_926940
650 4 _aNavarra (Comunidad Autónoma)
_930886
650 4 _apolítica económica
_927025
650 4 _apolítica social
_927029
650 4 _aproyecto de investigación
_928830
650 4 _atrabajador
_928414
650 4 _aexperiencia profesional
_929012
653 1 0 _aPolíticas sectoriales
700 1 _aMonterrubio Ariznabarreta, Esther
_918907
700 1 _aMartínez Cía, Patxi
_917795
902 _aART Artículo de revista
942 _2CES
_cAR
_h5.2.
999 _c37241
_d37241